Les personnages de Foot 2 Rue - Statistiques

Statistiques générales
  • Ce quiz a été pris 182 fois
  • Le résultat moyen est 16 sur 112
Statistiques - réponses
Indice Réponse % Correct
Capitaine des Bleus de Port Marie Tag
85%
Capitaine des Requins du Port Requin
73%
Joueur des Bleus de Port Marie Gabriel
71%
Ancienne gardienne des Bleus de Port Marie Eloïse
70%
Joueur des Bleus de Port Marie (s1 à s3) / Capitaine du FC Golmety (s4) Jérémy
68%
Joueuse des Bleus de Port Marie Samira
61%
Capitaine des Bleus de Port Marie (nouvelle génération) Petit Dragon
54%
Capitaine des Fantômes de la Cité / Ennemi des Bleus | Petit frère de Jérémy / Membre des Sangliers Magiques Ben
53%
Capitaine des Diables Noirs Victoire
48%
Jumeaux et joueurs des Bleus de Port Marie TekNo
44%
Gardien débonnaire de l’institut Riffler / Coach des Bleus Chrono
40%
Gardien des Requins du Port Cartoon
39%
Ancien gardien des Bleus de Port Marie Tony
37%
Footballeur 3 fois champions du monde / Organisateur des mondiaux Fédé
36%
Capitaine de Saï-Saï Fatou
29%
Cousin de Laclass / Capitaine des Vagabonds du Parc Omar
25%
Chien de Monsieur Albert Marcel
23%
Capitaine des Vampires des Boulevards Fred
22%
Joueuse des Bleus de Port Marie (nouvelle génération) Bianca
21%
Joueur des Requins du Port Marteau
21%
Policier Pradet
21%
Conducteur d'Eloise Antoine
19%
Joueuse des Manga de Tokyo Atsuko
19%
Capitaine des Gauchos de Buenos Aires Diego
19%
Capitaine des Lions d'Afrique Laclass
19%
Ancienne directrice de l’institut Riffler Mademoiselle Adélaïde
19%
Joueur des Requins su Port Coud'Boule
16%
Joueuse des Skyrunners Estelle
16%
Coiffeur de la vieille place / Propriétaire de Marcel Monsieur Albert
16%
Capitaine des Pharaons du Nil Idriss
15%
Joueur des Celtics des Highlands. Sean
15%
Livreur au Quartier Chinois. Chang
14%
Joueur des Requins du Port Pouss'mousse
14%
Duo avec Gabriel pour faire du slam Marie
13%
Gardienne de l'équipe les Diablesses du Bronx Mary
13%
Joueuse des Diablesses du Bronx Jane
12%
Joueur des Bleus de Port Marie (nouvelle génération) Assâad
11%
Joueuse des Pharaons du Nil / Petite sœur d'Idriss. Liraz
11%
Joueur de la fausse équipe des Dauphins d'Océanie Oscar
11%
Maire de port-marie Roger Maroni
11%
Cousine d'Éloïse Deborah
10%
Propriétaire d'un magasin sur la Vieille place du marché Madame Véra
10%
Fondateur de l'Institut Riffler et grand-père d'Éloïse Comte Riffler
9%
Capitaine des Desperados Matt
9%
Joueuse des Diablesses du Bronx Rose
9%
Capitaine des Méninos du Brésil Zanguezinho
9%
Joueuse des Skyrunners Alex
8%
Mère de Petit Dragon et la prof de musique à l'Institut Riffler Madame Wong
8%
Capitaine des Diablesses du Bronx Sinead
8%
Capitaine et gardien des Irréductibles Stéphane
8%
Joueur des Skyrunners Jordan
7%
Capitaine des Skyrunners Paolo
7%
Capitaine et la gardienne des Celtics des Highlands. Sandra
7%
Joueuse des Vampires des Boulevards Agathe
6%
Capitaine des Mangas de Tokyo Akira
6%
Entraîneur temporaire des Bleus / Ami d'enfance de la mère de Samira Dario
6%
Joueur des Celtics des Highlands James
6%
Capitaine des Panthères de Soweto Aria
5%
Gardien des Méga-Killers Bruno
5%
Joueuse des Diablesses du Bronx Emie
5%
Capitaine des Méga-Killers Fred Kinski
5%
Joueuse des Diablesses du Bronx Jodie
5%
Gardienne des Ours Blancs du Grand Nord Kate
5%
Joueur des Celtics des Highlands Liam
5%
Mère d'Éloïse et femme de l'actuel Comte Riffler Junior Madame Riffler
5%
Chef des Démoniaques Manu
5%
Joueur des Méga-Killers Marco
5%
Directeur de l'Institut Riffler (s4) Monsieur Arnold
5%
Père de Victoire / Directeur de l'école Saint-Xavier Monsieur Malotra
5%
Capitaine des Barracudas du Centre Commercial Val
5%
Joueur des Fantômes de la Cité. Vlad
5%
Joueur des Saï-Saï Yakou
5%
Joueuse des Loups des Carpates Genika
4%
Joueur des Irréductibles Hugo
4%
Joueur des Loups des Carpates Zamfir
4%
Gardien des Mangas de Tokyo Bounegie
3%
Père d'Éloïse et mari de Madame Riffler Comte Riffler Junior
3%
Grand-mère d'Éloïse et femme du Comte Riffler Comtesse Riffler
3%
Joueur des Massaïs du Kilimandjaro Dajan
3%
Entraîneur à l'Olympique Entraîneur
3%
Joueur des Celtics des Highlands Fergus
3%
Joueur des Massaïs du Kilimandjaro Gaiji
3%
Joueur des Celtics des Highlands Gordon
3%
Joueur des Mangas de Tokyo Hiro
3%
Joueuse des Cobras de Calcutta Indira
3%
Joueur des Mangas de Tokyo Jenki
3%
Gardien des Massaïs du Kilimandjaro Kamaou
3%
Joueur des Saï-Saï Khadir
3%
Capitaine des Serpents du Mékong Kien
3%
Joueuse des Méga-Killers Lydia
3%
Joueuse des Irréductibles Maatie
3%
Mère de Gabriel / Médecin en Afrique Madame N'Douala
3%
Joueur des Irréductibles Martin
3%
Propriétaire raciste Monsieur Grétie
3%
Père de Gabriel / Médecin en Asie Monsieur N'Douala
3%
Joueur des Celtics des Highlands Neil
3%
Joueuse des Irréductibles Nora
3%
Père de Tag Pablo Ariás Echervañe
3%
Joueur des Saï-Saï Pape
3%
Joueur des Méga-Killers Patrick
3%
Joueur des Massaïs du Kilimandjaro Rasha
3%
Joueur des Skyrunners Ron
3%
Joueur des Mangas de Tokyo Takechi
3%
Joueuse des Saï-Saï Talla
3%
Joueuse des Massaïs du Kilimandjaro Tisha
3%
Capitaine des Massaïs du Kilimandjaro Wéma
3%
Joueur des Massaïs du Kilimandjaro Woukabi
3%
Joueur des Mangas de Tokyo Zenji
3%
Propriétaire d'un paquebot Monsieur King
2%
Joueur des Dreads de Kingston Willy
2%
Joueur des Desperados Tche-de-Rouille
1%
Aucun quiz correspondant
Distribution des résultats
% des personnes avec chaque résultat
Percentile par nombre de réponses
Votre historique - résultats
Vous n’avez pas pris ce quiz